000 01282nam a2200241Ia 4500
999 _c52019
_d52019
001 19023
003 GE_BSU
005 20220920102811.0
008 181216s2012||||ge |||||||||||||| ||geo||
040 _cGE_BSU
041 _ageo
080 _a82 კ-88
100 _aკუკულაძე, ლელა
_911610
245 _aგიორგი შატბერაშვილი და ქართული ფოლკლორი: დისერტაცია /
_cლელა კუკულაძე; სამეცნიერო ხელმძღვანელი თ. შიოშვილი; ბათუმის შოთა რუსთაველის სახ-ფო უნ-ტი.
264 _aბათუმი,
_c2012.
300 _a251 გვ. ;
_b30 სმ.
653 _aგიორგი შატბერაშვილი და ქართული ფოლკლორი
653 _aლიტმცოდნეობა
653 _aდისერტაცია
700 _aშიოშვილი, თ.
_eსამეცნიერო ხელმძღვანელი
_910520
710 _aბათუმის შოთა რუსთაველის სახ-ფო უნ-ტი
_911611
942 _cBK
_2udc